000 00354nam a2200157Ia 4500
100 _aCarroll-Chu/Mark C
650 _aCloud Programming
942 _cBK
366 _f20
245 _aCode in the Cloud programming Google App engine
260 _bSPD
_c2011
082 _a4.65
_bCAR
300 _a306
546 _aENGLISH
_celectronics
999 _c23539
_d23539